<?xml version="1.0" encoding="UTF-8"?>
<record
    xmlns:xsi="http://www.w3.org/2001/XMLSchema-instance"
    xsi:schemaLocation="http://www.loc.gov/MARC21/slim http://www.loc.gov/standards/marcxml/schema/MARC21slim.xsd"
    xmlns="http://www.loc.gov/MARC21/slim">

  <leader>02078cam a2200373 i 4500</leader>
  <controlfield tag="001">000012446</controlfield>
  <controlfield tag="003">DO-SdBNP</controlfield>
  <controlfield tag="005">20250623115630.0</controlfield>
  <controlfield tag="007">ta</controlfield>
  <controlfield tag="008">931116s1995    mx       b    000 0 spa  </controlfield>
  <datafield tag="020" ind1=" " ind2=" ">
    <subfield code="a">9682958687</subfield>
  </datafield>
  <datafield tag="040" ind1=" " ind2=" ">
    <subfield code="a">DO-SdBNP</subfield>
    <subfield code="b">spa</subfield>
    <subfield code="c">BNPHU</subfield>
    <subfield code="e">rda</subfield>
  </datafield>
  <datafield tag="041" ind1=" " ind2=" ">
    <subfield code="a">spa</subfield>
  </datafield>
  <datafield tag="082" ind1=" " ind2="4">
    <subfield code="a">371.20098</subfield>
    <subfield code="b">S347h</subfield>
    <subfield code="2">22</subfield>
  </datafield>
  <datafield tag="100" ind1="1" ind2=" ">
    <subfield code="a">Schmelkes, Sylvia.</subfield>
    <subfield code="9">29160</subfield>
    <subfield code="4">aut.</subfield>
    <subfield code="e">autor</subfield>
  </datafield>
  <datafield tag="245" ind1="1" ind2="0">
    <subfield code="a">Hacia una mejor calidad de nuestras escuelas /</subfield>
    <subfield code="c">Sylvia Schmelkes.</subfield>
  </datafield>
  <datafield tag="264" ind1=" " ind2="4">
    <subfield code="a">M&#xE9;xico, D. F. :</subfield>
    <subfield code="b">Secretaria de Educaci&#xF3;n P&#xFA;blica. Subsecretaria de Educaci&#xF3;n B&#xE1;sica  :</subfield>
    <subfield code="b">Comisi&#xF3;n Nacional de los Libros de Texto Gratuitos,</subfield>
    <subfield code="c">&#xA9;1995.</subfield>
  </datafield>
  <datafield tag="300" ind1=" " ind2=" ">
    <subfield code="a">134 p&#xE1;ginas ;</subfield>
    <subfield code="c">22 cm.</subfield>
  </datafield>
  <datafield tag="336" ind1=" " ind2=" ">
    <subfield code="a">texto</subfield>
    <subfield code="b">txt</subfield>
    <subfield code="2">rdacontent </subfield>
  </datafield>
  <datafield tag="337" ind1=" " ind2=" ">
    <subfield code="a">sin mediaci&#xF3;n </subfield>
    <subfield code="b">n</subfield>
    <subfield code="2">rdamedia</subfield>
  </datafield>
  <datafield tag="338" ind1=" " ind2=" ">
    <subfield code="a">volumen  </subfield>
    <subfield code="b">nc</subfield>
    <subfield code="2">rdacarrier</subfield>
  </datafield>
  <datafield tag="490" ind1="0" ind2=" ">
    <subfield code="a">Biblioteca para la actualizaci&#xF3;n del maestro</subfield>
  </datafield>
  <datafield tag="504" ind1=" " ind2=" ">
    <subfield code="a">Bibliograf&#xED;a: p&#xE1;ginas 133-134</subfield>
  </datafield>
  <datafield tag="505" ind1=" " ind2=" ">
    <subfield code="a">Presentaci&#xF3;n -- Introducci&#xF3;n. Como entender la calidad de la educaci&#xF3;n -- La calidad educativa mira hacia el futuro -- La calidad parte del reconocimiento de que hay problemas -- La calidad en el plantel y en su contexto -- La calidad est&#xE1; en el proceso -- La calidad depende de todos los que participan en el proceso -- La calidad requiere liderazgos -- La calidad conduce al mejoramiento continuo de las personas involucradas -- La planeaci&#xF3;n y la evoluci&#xF3;n para la calidad -- La calidad necesita la participaci&#xF3;n de la comunidad -- Algunas implicaciones de la calidad -- Conclusi&#xF3;n. La calidad es asunto de rendir cuentas --</subfield>
  </datafield>
  <datafield tag="590" ind1=" " ind2=" ">
    <subfield code="a">Inventariado, 2025 MFF</subfield>
  </datafield>
  <datafield tag="650" ind1=" " ind2="0">
    <subfield code="a">Gesti&#xF3;n y organizaci&#xF3;n escolar  </subfield>
    <subfield code="z"> Am&#xE9;rica Latina.</subfield>
    <subfield code="9">87762</subfield>
  </datafield>
  <datafield tag="650" ind1=" " ind2="4">
    <subfield code="a">Cambio educativo </subfield>
    <subfield code="z"> Am&#xE9;rica Latina.</subfield>
    <subfield code="9">87763</subfield>
  </datafield>
  <datafield tag="650" ind1=" " ind2="4">
    <subfield code="a">Educaci&#xF3;n </subfield>
    <subfield code="x">Aspectos sociales </subfield>
    <subfield code="z">Am&#xE9;rica Latina.</subfield>
    <subfield code="9">28576</subfield>
  </datafield>
  <datafield tag="650" ind1=" " ind2="4">
    <subfield code="a">Administracion escolar</subfield>
    <subfield code="z">Am&#xE9;rica Latina</subfield>
    <subfield code="9">29161</subfield>
  </datafield>
  <datafield tag="650" ind1=" " ind2="0">
    <subfield code="a">Innovaciones educativas </subfield>
    <subfield code="z">Am&#xE9;rica Latina </subfield>
    <subfield code="9">17115</subfield>
  </datafield>
  <datafield tag="650" ind1=" " ind2="4">
    <subfield code="a">Sociolog&#xED;a de la educacion</subfield>
    <subfield code="z">Am&#xE9;rica Latina</subfield>
    <subfield code="9">29163</subfield>
  </datafield>
  <datafield tag="910" ind1=" " ind2=" ">
    <subfield code="a">Validado. Control de calidad MFF</subfield>
  </datafield>
  <datafield tag="942" ind1=" " ind2=" ">
    <subfield code="2">ddc</subfield>
    <subfield code="c">LBS1</subfield>
  </datafield>
  <datafield tag="952" ind1=" " ind2=" ">
    <subfield code="0">0</subfield>
    <subfield code="1">0</subfield>
    <subfield code="2">ddc</subfield>
    <subfield code="5">6</subfield>
    <subfield code="7">0</subfield>
    <subfield code="8">GR</subfield>
    <subfield code="a">BNPHU</subfield>
    <subfield code="b">BNPHU</subfield>
    <subfield code="c">HD</subfield>
    <subfield code="d">2009-11-12</subfield>
    <subfield code="l">0</subfield>
    <subfield code="o">BNPHU GR 371.20098 S347h</subfield>
    <subfield code="p">12446-10</subfield>
    <subfield code="r">2020-06-25</subfield>
    <subfield code="w">2020-06-25</subfield>
    <subfield code="y">LBS1</subfield>
    <subfield code="Z">Pr&#xE9;stamo interno</subfield>
  </datafield>
  <datafield tag="999" ind1=" " ind2=" ">
    <subfield code="c">12103</subfield>
    <subfield code="d">12103</subfield>
  </datafield>
</record>
